000
00202 a2200097 4500
001
17763
100
_a
Kostrykin
245
_a
Applied mechanics
260
_a
_b
Mir Publishers
_c
090
_c
13130
_d
13130
942
_a
NUST-CAE
_c
M
_c
3482
999
_c
252836
_d
252836